000 01710nam0a22003851 4500
001 RU\NLR\bibl\965103
005 20260406064818.0
010 _a5-367-00118-1
_bВ пер.
_94000
021 _aRU
_b2006-26742
_91328
035 _a(nilc)RSL-KNO-002879558
035 _a(NLR Aleph) 000953110
090 _a292265
_c292265
100 _a20060511d2006 |||y0rusy50 ca
101 1 _arus
_cjpn
102 _aRU
105 _ay |||||||||
106 _ar
200 1 _aЦугуми
_aN.P.
_aСпящая
_e[романы]
_fБанана Есимото
_g[пер. с яп.: Тумахович Ф. и др.]
210 _aСанкт-Петербург
_cАмфора
_d2006
_eСПб.
_gПечатный двор им. А. М. Горького
215 _a444, [2] с.
_d21
225 1 _aЧитать [модно]
300 _aНа обл. в подзаг.: Три романа под одной обложкой
610 0 _aФилологические науки. Художественная литература -- Япония -- Японская литература -- с 1945 г. -- Произведения художественной литературы -- Художественная проза -- Романы. Повести. Рассказы
686 _aШ5(5Я)62-644
_2rubbk
686 _aШ6(5Я)67-440.4{Лх2318-50}
700 1 _4070
_8rus
_7ca
_aЕсимото
_bБ.
_f1964-
_gБанана
_3RU\NLR\auth\7714515
_9124187
801 0 _aRU
_bРКП
_c20060511
_grcr
801 1 _aRU
_bРГБ
_c20060511
801 2 _aRU
_bNLR
_c20060705
_grcr
852 _aNLR
_bОЛСАА-сл-спр
_j3-4379
942 _cBOOK
980 _aNB
980 1 _aSL_SPR